Yeni yüzyılın eşiğinde (Record no. 10737)

MARC details
000 -BAŞLIK
Sabit Uzunlukta Kontrol Alanı 00904na a2200301 4500
001 - KONTROL NUMARASI
Denetim Alanı 24216
003 - KONTROL NUMARASI IDENTIFIER
Denetim Alanı MIRAKIL
005 - SON İŞLEM TARİHİ VE ZAMANI
Denetim Alanı 20181213155332.0
008 - SABİT-BOY VERİ ELEMANLARI - GENEL BİLGİLER
Sabit Uzunlukta Kontrol Alanı 180702b tu 000 0
020 ## - ULUSLARARASI STANDART KİTAP NUMARASI
Uluslararası Standart Kitap Numarası 9789944122269
040 ## - KATALOGLAMA KAYNAK
Orijinal Kataloglama Ajansı Milas
Kataloglama Dili tur
Metne Dönüştürmek Ajansı TR-AnCHP
041 ## - DİL KODU
Metin / Ses Parça Veya Ayrı Başlığın Dil Kodu tur
082 ## - DEWEY ONLU SINIFLANDIRMA NUMARASI
Sınıflandırma Numarası 909.82
Ürün Numarası H61y 2011
090 ## - SINIFLAMA NUMARASI
Sınıflama Numarası 909.82 H61y 2011
100 ## - ANA GİRİŞ - KİŞİSEL İSİM
Kişisel Ad Hobsbawm, Eric
245 ## - BAŞLIK TABLOSU
Başlık Yeni yüzyılın eşiğinde
Sorumluluk Tablosu, Vb Eric Hobsbawm; söyleşi Antonio Polito; çeviren İbrahim Yıldız
250 ## - EDITION TABLOSU
Baskı Beyanı 2. bs.
260 ## - YAYIN, DAĞITIM, VB
Yayın, Dağıtım, Vb Yeri İstanbul
Yayıncı, Dağıtıcı, Vs Adı Yordam Kitap
Yayın, Dağıtım, Vb Tarihi 2011
Üretici Firma Pasifik ofset
300 ## - FİZİKSEL TANIM
Kapsam 190 s.
Boyutlar 19 sm.
440 ## - SERİSİ TABLOSU / KATMA GİRİŞİ - BAŞLIK
Başlık Yordam Kitap
Hacim / Ardışık Tanımı 35
500 ## - GENEL NOT
Genel Not Yapıtın özgün adı: Intervista sul nuovo secolo
504 ## - KAYNAKÇA VB NOT
Kaynakça Vb Notu Dizin var.
650 ## - KONU KATMA GİRİŞ - TOPİKAL DÖNEM
Topikal Süreli Veya Coğrafi Ad Giriş Elemanı Dünya tarihi
Kronolojik Alt Bölümü 20. yüzyıl
650 ## - KONU KATMA GİRİŞ - TOPİKAL DÖNEM
Topikal Süreli Veya Coğrafi Ad Giriş Elemanı Tarih, Modern
Kronolojik Alt Bölümü 20. yüzyıl
700 ## - KATMA GİRİŞ - KİŞİSEL İSİM
Kişisel Ad Yıldız, İbrahim
Relator Terim çev.
700 ## - KATMA GİRİŞ - KİŞİSEL İSİM
Kişisel Ad Polito, Antonio
942 ## - EKLENDİ GİRİŞ ELEMANLARI (KOHA)
Sınıflandırma Veya Raf Düzeni Kaynak Dewey Decimal Classification
Koha Öğesi Türü Books
999 ## - SİSTEM KONTROL NUMARALARI (KOHA)
Koha Biblionumber 10737
Koha Biblioitemnumber 10737
Holdings
Kalıcı Konum Mevcut Konum Edinme Tarihi Edinim Kaynak Toplam Check-Out'Lar Tam Çağrı Numarası Barkod Tarih Son Görülme İtibaren Geçerli Fiyatlar Koha Öğesi Türü
CHP Kütüphanesi CHP Kütüphanesi 07/02/2018 Bağış   909.82 H61y 2011 018223 07/02/2018 07/02/2018 Books